Sistemas de información: teoría y práctica
Spremljeno u:
| Glavni autori: | , |
|---|---|
| Format: | Knjiga |
| Jezik: | španjolski |
| Izdano: |
Ciudad de México
Limusa
1982
|
| Serija: | Biblioteca de Comercio y Administración Aplicada a la Computación
|
| Teme: | |
| Oznake: |
Dodaj oznaku
Bez oznaka, Budi prvi tko označuje ovaj zapis!
|
MARC
| LEADER | 00000nam a2200000 a 4500 | ||
|---|---|---|---|
| 001 | UCV6728 | ||
| 003 | CL-VaPUC | ||
| 008 | 881103e19820000MX |||||||||||||||||spa|d | ||
| 082 | 0 | 4 | |a 003.1 |b BUR |2 21 |
| 100 | 0 | |a Burch, John G |e author |9 300783 | |
| 700 | 0 | |a Strater, Felix R |e author |9 300784 | |
| 245 | 1 | 0 | |a Sistemas de información: teoría y práctica |
| 300 | |a 564 p | ||
| 942 | |c BK | ||
| 945 | |d 19881103 00:00:00 | ||
| 260 | |a Ciudad de México |b Limusa |c 1982 | ||
| 650 | 0 | |a Sistemas de información en administración |9 260041 | |
| 650 | 7 | |a SISTEMATIZACION DE DATOS |2 CL-VaPUC |9 263675 | |
| 650 | 0 | |a Análisis de sistemas |9 260059 | |
| 650 | 0 | |a Modelos matemáticos |9 259437 | |
| 583 | |a last modification |c 20150417 17:44:54 |k Rodrigo Vera | ||
| 490 | 0 | |a Biblioteca de Comercio y Administración Aplicada a la Computación | |
| 999 | |c 212629 |d 212627 | ||
| 952 | |0 0 |1 0 |4 0 |6 003_100000000000000_BUR_1982 |7 0 |8 P |9 193812 |a BIBENE |b BIBENE |d 2019-11-14 |i 261961K |o 003.1 BUR 1982 |p 261961K |r 2025-01-15 |w 2019-11-14 |y BK |k ICO | ||